Responses for show #3266 - Monday, November 16, 1998

1998 Teen Reunion Tournament preliminary game 1.
From the Wang Center for the Performing Arts in Boston, Massachusetts.

Contestants

Creswell Formey, an actor and bookstore manager from New Haven, Connecticut

Dana Venator, a Ph.D. candidate from Chicago, Illinois

Peter Morris, a graduate student from Oxford, England

Jeopardy! Round responses

MOTHER EARTH
IN THE DRUGSTORE
GOVERNORS
THE BRAT PACK TODAY
COLLEGE MEMORIES
WORDS FOR THE WISE
    $100 20
El Nino

Peter
    $100 8
Q-Tip

Peter
    $100 18
Georgia

Creswell
    $100 1
Judd Nelson

Peter
    $100 13
Finals

Dana
    $100 4
Learned

Dana
    $200 21
(with about a minute to go...)

Sun

Dana
    $200 9
Life Savers

Creswell
    $200 19
Tornadoes

Peter
    $200 2
Emilio Estevez

Creswell
    $200 14
Major

Dana
    $200 5
Smart

Creswell
    $300 25
(D: What are the waxing & waning of the moon?)
(P: What are full & gibbous?)

New & full

PeterDana
Triple Stumper
    $300 22
Dr. William Scholl

Peter
    $300 3
Anthony Michael Hall

Dana
    $300 15
All-nighter

Dana
    $300 6
Sage

Dana
    $400 26
(buzzer sounds)

Sand dunes

Dana
    $400 23
(D: What are antihistamines?)
(Alex: That's what they're stealing!)

Preparation H

PeterDana
    $400 11
(P: Who is Jonathan Silverman?)

Andrew McCarthy

PeterDana
    $400 16
Sheepskin

Dana
    $400 7
(Doug) Savant

Triple Stumper
    $500 24
Vaseline Petroleum Jelly

Triple Stumper
    $500 12
Molly Ringwald

Triple Stumper
    $500 17
(D: Although I was cum laude!)

Summa cum laude

Dana
    $500 10
Egghead

Triple Stumper

Scores at the first commercial break (after clue 14):

Peter Dana Creswell
-$200 $1,400 $600

Scores at the end of the Jeopardy! Round:

Peter Dana Creswell
$500 $2,500 $700

Double Jeopardy! Round responses

LOUD CLASSICAL MUSIC
FEMINISM
10-LETTER COUNTRIES
BEFORE & AFTER
CONFESSIONS
IT'S ALL ABOUT "YOU", ISN'T IT?
    $200 1
William Tell

Peter
    $200 6
Alan Alda

Dana
    $200 15
(C: What is Uzbekistan?)

Bangladesh

DanaCreswell
    $200 7
The Confessions of Nat Turner

Dana
    $200 20
You Only Live Twice

Creswell
    $1,000 2
(Alex: You're absolutely right, you don't need to hear the music!)

"The Rite Of Spring"

Peter
    $400 11
(C: What is race car driving?)
(Alex: Well, driving of any kind, I suppose.)

Driving

Creswell
    $400 16
Madagascar

Dana
    $400 8
Leo Tolstoy

Peter
    $400 21
She Loves You

Peter
    $600 3
Mars (the bringer of war)

Peter
    $600 12
Sexual harassment

Creswell
    $600 17
Yugoslavia

Triple Stumper
    $600 9
St. Augustine

Peter
    $600 24
You must remember this

Dana
    $800 4
"The Hall Of The Mountain King"

Peter
    $800 13
The Women's Room

Creswell
    $2,000 19
(with a minute to go...)

Luxembourg

Dana
    $800 10
Opium

Dana
    $800 23
You Can't Take It With You

Creswell
    $1000 5
(Peter: What is "The Royal Fireworks Music"?)

"Water Music"

Peter
Triple Stumper
    $1000 14
(C: What is The Dinner Table?)

The Dinner Party

Creswell
Triple Stumper
    $1000 25
(buzzer sounds)

Mozambique

Creswell
    $1000 18
Jean-Jacques Rousseau

Dana
    $1000 22
You Can't Go Home Again

Dana

Scores at the end of the Double Jeopardy! Round:

Peter Dana Creswell
$3,500 $8,900 $3,300
(lock game)

[wagering suggestions for these scores]

Final Jeopardy! Round responses

THESE UNITED STATES
(Alex: Not those!)
(Alex: Dana, we may see you on Friday if you're one of the three top-scoring winners this week.)
CreswellWhat is the ?
$3,300
PeterWhat is The Electoral College?
$3,500
DanaWhat is The Electoral College?
$1,899
The Electoral College

Final scores:

Peter Dana Creswell
$7,000 $10,799 $0
2nd place: $5,000 Possible finalist 3rd place: $5,000

Game dynamics:

Coryat scores:

Peter Dana Creswell
$2,900 $7,700 $3,300
13 R
(including 1 DD),
3 W
20 R
(including 1 DD),
2 W
10 R,
2 W

Combined Coryat: $13,900

The J! Archive is created by fans, for fans. The Jeopardy! game show and all elements thereof, including but not limited to copyright and trademark thereto, are the property of Jeopardy Productions, Inc. and are protected under law. This website is not affiliated with, sponsored by, or operated by Jeopardy Productions, Inc. Join the discussion at JBoard.tv.